000
00227nam a22001097a 4500
003
OSt
008
250106b |||||||| |||| 00| 0 eng d
041
_a
eng
100
_a
Mathew and Joseph
_9
6783
245
_a
Zoology
942
_c
BK
999
_c
18937
_d
18937